Gaming Quiz

Random Gaming or Board Games Quiz

Game by Object Quiz Stats

 Plays Quiz Updated Jun 20, 2018

Support Sporcle.
Go Orange.
Score 0/26 Timer 06:00
1 Play Today
Object of the Game Game % Correct
The object of the game is to become the wealthiest player through buying, renting and selling property.Monopoly
98.9%
To win, you must determine the answers to these three questions: Who done it? Where? and with What Weapon?Clue
93.7%
Be the first to sink all 5 of your opponent's ships.Battleship
86.7%
To conquer the world by occupying every territory on the board, thus eliminating all your opponents.Risk
85.8%
The last player to stack a block without making the tower fall wins the game!Jenga
81%
Be the first player to get four of your colored checkers in a row--horizontally, vertically or diagonally.Connect Four
78.8%
Be the last uncaptured mouse on the gameboard to win.Mousetrap
77.2%
Roll dice for scoring combinations, and get the highest total score.Yahtzee
70.4%
If your number comes up, you have become a MILLIONAIRE TYCOON, the WINNER, and the game is over.Life (1977)
69.8%
To win a player (or team) returns to the hexagonal hub and correctly answers the game-winning question in a category chosen by the other players.Trivial Pursuit
68.4%
The object of the game is to move through [name of game] along the path of colored spaces. Candyland
67.4%
To identify through sketched clues as many words as necessary to advance to the finish square.Pictionary
61.2%
Be the first player to reach square #100.Chutes and Ladders
61.1%
Object of the Game Game % Correct
To list, within 3 minutes, as many words of the highest point value as you can find among the random assortment of letters in the cube grid.Boggle
54.6%
The object of the game is to capture your opponent's flag.Stratego
39.6%
Quickly fill out a category list with answers that begin with the same letter. Score points if no other player matches your answers.Scattergories
38.7%
To outflank your opponent and flip your opponent's discs to your color, ending up with the majority of discs on the board in your color.Othello
38.3%
The object of the game is to be the first team to move clockwise around the board and into [name of game] Central™, where your team will attempt its final activity for the win!Cranium
30.9%
When you reduce your opponent to 0 life by attacking with creatures and playing spells, you win!Magic: The Gathering
29.9%
Answer questions correctly, and be first to reach the diploma at the head of the Final Exam classroom.Go to the Head of the Class
17.9%
If you have 10 or more victory points during your turn the game ends and you are the winner!Settlers of Catan
16.4%
To be the player who has acquired the largest fortune in paintings and cash at the end of the game.Masterpiece
6.7%
As soon as one Great Power controls 18 supply centers, it is considered to have gained control of Europe. Diplomacy
6.3%
The first player to achieve or exceed his own Success Formula is the winner of the game.Careers
4.2%
The player who first gets to Dr. Possum's Office, No. 151, wins the game.Uncle Wiggily
2.9%
The object is to build a balanced pile of blocks without causing it to tumble.Blockhead!
1.4%

From the Vault

Mini Sudoku XIV

by 31415926535

Just because it's miniature doesn't mean it's any easier.
Remove Ads.
Support Sporcle.
Get the best of Sporcle when you Go Orange. This ad-free experience offers more features, more stats, and more fun while also helping to support Sporcle. Thank you for becoming a member.

Show Comments

Extras

Top Quizzes Today


Score Distribution

Your Account Isn't Verified!

In order to create a playlist on Sporcle, you need to verify the email address you used during registration. Go to your Sporcle Settings to finish the process.

Report this User

Report this user for behavior that violates our Community Guidelines.

Details: